Movies Quiz

Random Movies or Actress Quiz

Movie Rivals Quiz Stats

Quiz Updated Jul 11, 2015

Also try: Buddy Movies
Challenge
Share
Tweet
Embed
Score 0/32 Timer 07:00
0 Plays Today
% Correct
Sylvester Stallone
93.9%
Tom Cruise
93.1%
Tom Hanks
92.4%
Keanu Reeves
89.3%
Ben Stiller
88.8%
Natalie Portman
87.2%
Lindsay Lohan
86.9%
John Travolta
85.4%
Nicolas Cage
84.7%
Tim Allen
83.1%
Will Ferrell
80.7%
Owen Wilson
77.9%
Patrick Stewart
73.8%
Mila Kunis
73.1%
Val Kilmer
68%
Christian Bale
66.7%
% Correct
Hugh Jackman
66.6%
Rachel McAdams
64.7%
Ian McKellen
62.8%
Kristen Wiig
60.8%
Geena Davis
60%
Meryl Streep
54.5%
Jack Lemmon
53.6%
Steve Martin
50.2%
Walter Matthau
49.2%
Sacha Baron Cohen
46.6%
Goldie Hawn
42.8%
Hugo Weaving
42.6%
Michael Caine
41.5%
Carl Weathers
41.2%
Rose Byrne
31.7%
Lori Petty
20.6%

You're not logged in!

Compare scores with friends on all Sporcle quizzes.
Join for Free
OR
Log In

You Might Also Like...

Show Comments

Extras

Top Quizzes Today


Score Distribution

Your Account Isn't Verified!

In order to create a playlist on Sporcle, you need to verify the email address you used during registration. Go to your Sporcle Settings to finish the process.

Report this User

Report this user for behavior that violates our Community Guidelines.

Details: